Which Countries have the Most Broadcast Television Stations? - Statistics

General Stats
  • This quiz has been taken 61 times
  • The average score is 19 of 25
Answer Stats
Rank Number Answer % Correct
2 3,000 China
98%
1 3,300 Russia
98%
3 1,761 United States of America
98%
8 584 France
96%
13 373 Germany
94%
19 211 Japan
94%
5 704 United Kingdom
94%
4 868 India
92%
14 358 Italy
92%
17 236 Mexico
92%
12 384 Brazil
90%
18 224 Spain
90%
22 148 Canada
88%
7 635 Turkey
75%
24 117 Saudi Arabia
73%
15 252 Sweden
73%
6 647 Ukraine
69%
20 172 Denmark
67%
24 117 Pakistan
67%
10 556 South Africa
63%
16 250 Philippines
61%
23 120 Finland
59%
9 575 Romania
53%
21 150 Czech Republic
35%
11 456 Mongolia
35%
No matching quizzes found
Score Distribution
Percent of People with Each Score
Percentile by Number Answered
Your Score History
You have not taken this quiz